000 00758nas a2200277 4500
001 BR7801625
003 BR-BrBNA
005 20231205083402.0
007 ta
008 230509b bl.|||p| |||| 00| 00por d
040 _aBR-BrBNA
_bpor
_cBiblioteca Nacional de Agricultura
041 _a(Pt)
072 _aE70
100 1 _aBleinroth, E.W.
245 1 _aPerdas de produtos agricolas [Comercializacao; Fruta; Hortalica; Legume]
650 _aComercializacao
650 _aProducao
650 _aPerda
650 _aFruta
650 _aHortalica
650 _aLegume
650 _aMercado
773 0 _tLavoura (Brazil)
_xISSN 0023-9135
_g(May 1978), v. 81 p. 25-29
_wBR7801625
909 _a202311
_bLúcia
_c55
_dLúcia Elande
942 _2AGRIS
_n0
_cANA
999 _c98383
_d98383